What do you care what other people think? further adventures of a curious character

-д хадгалсан:
Номзүйн дэлгэрэнгүй
Үндсэн зохиолч: Feynman, Richard Phillips (Зохиогч)
Формат: Ном
Хэл сонгох:англи
Хэвлэсэн: Nueva York W.W. Norton and Company 2001
Хэвлэл:1a. ed
Нөхцлүүд:
Шошгууд: Шошго нэмэх
Шошго байхгүй, Энэхүү баримтыг шошголох эхний хүн болох!

MARC

LEADER 00000nam a2200000 a 4500
001 UCG3223
003 CL-VaPUC
008 100819e20010000US |||||||||||||||||eng|d
020 |a 0393320928 
082 0 4 |a 530.092  |b FEY  |2 21 
100 0 |a Feynman, Richard Phillips  |e author  |9 340476 
245 1 0 |a What do you care what other people think? further adventures of a curious character 
250 |a 1a. ed 
300 |a 255 p 
942 |c BK 
945 |d 20100819 00:00:00  |a mfarfan 
260 |a Nueva York  |b W.W. Norton and Company  |c 2001 
650 7 |a FISICOS  |2 CL-VaPUC  |9 263707 
650 0 |a Anécdotas  |9 313436 
650 0 |a Científicos   |9 262025 
583 |a last modification  |c 20100819 00:00:00  |k Rodrigo Vera 
999 |c 342294  |d 342292 
952 |0 0  |1 0  |4 0  |6 530_092000000000000_FEY_2001  |7 0  |8 A  |9 438432  |a BIBCUR  |b BIBCUR  |d 2019-11-22  |i 4707710  |o 530.092 FEY 2001  |p 4707710  |r 2025-04-22  |w 2019-11-22  |y BK  |k FIS